Tecnologías sociales de la comunicación
Salvato in:
| Autore principale: | |
|---|---|
| Natura: | Libro |
| Lingua: | spagnolo |
| Pubblicazione: |
Barcelona
UOC
2005
|
| Edizione: | 1a. ed |
| Serie: | Psicología, 33
|
| Soggetti: | |
| Tags: |
Aggiungi Tag
Nessun Tag, puoi essere il primo ad aggiungerne!!
|
MARC
| LEADER | 00000nam a2200000 a 4500 | ||
|---|---|---|---|
| 001 | UCJ1210 | ||
| 003 | CL-VaPUC | ||
| 008 | 061006e20050000SP |||||||||||||||||spa|d | ||
| 020 | |a 8497880145 | ||
| 082 | 0 | 4 | |a 302.2 |b GIL |2 21 |
| 100 | |a Gil Juárez, Adriana |e autora |9 501730 | ||
| 245 | 1 | 0 | |a Tecnologías sociales de la comunicación |
| 250 | |a 1a. ed | ||
| 300 | |a 329 p | ||
| 942 | |c BK | ||
| 945 | |d 20061006 00:00:00 |a cmena | ||
| 260 | |a Barcelona |b UOC |c 2005 | ||
| 650 | 0 | |a Comunicación |9 257251 | |
| 650 | 0 | |a Medios de comunicación |9 257206 | |
| 650 | 0 | |a Tecnología de la información |9 254825 | |
| 650 | 0 | |a Psicología social |9 222894 | |
| 650 | 0 | |a Cambio social |9 256857 | |
| 583 | |a last modification |c 20160914 12:55:11 |k Rodrigo Vera | ||
| 490 | 0 | |a Psicología, 33 | |
| 999 | |c 317869 |d 317867 | ||
| 952 | |0 0 |1 0 |4 0 |6 302_200000000000000_GIL_2005 |7 0 |8 A |9 394897 |a BIBEDU |b BIBEDU |d 2019-11-22 |i 4262352 |o 302.2 GIL 2005 |p 4262352 |r 2019-11-22 |w 2019-11-22 |y BK |k PSI | ||